Quick Pick: White in the Flag Quiz Stats

 Plays Quiz Updated Aug 21, 2018

Score 0/16 Timer 01:30
0 Plays Today
% Correct
Canada
91%
Switzerland
88%
Monaco
76.9%
Egypt
71.7%
Malta
70.3%
Fiji
68.7%
Paraguay
66.3%
Palestine
64%
% Correct
Bahrain
63.3%
Tunisia
62%
Trinidad and Tobago
60%
Cambodia
58.2%
Afghanistan
56.4%
Libya
54.2%
Yemen
54.1%
Guyana
48.8%

Today's Daily Dose

You're not logged in!

Compare scores with friends on all Sporcle quizzes.
OR
Log In

Sporcle TV

Today on Sporcle TV


Watch our educational content, quiz creation guides, and fun videos on Sporcle TV.

Show Comments

Extras

Top Quizzes Today


Score Distribution

Your Account Isn't Verified!

In order to create a playlist on Sporcle, you need to verify the email address you used during registration. Go to your Sporcle Settings to finish the process.

Report this User

Report this user for behavior that violates our Community Guidelines.

Details: